[Event "56th ch-RUS w Top League"]
[Site "Orel RUS"]
[Date "2006.06.30"]
[Round "2"]
[White "Dolgova,O"]
[Black "Kursova,M"]
[Result "0-1"]
[WhiteElo "2219"]
[BlackElo "2333"]

1.d4 Nf6 2.c4 e6 3.Nf3 b6 4.a3 Bb7 5.Nc3 d5 6.Bg5 dxc4 7.Qa4+ c6 8.Qxc4 Be7
9.g3 h6 10.Bxf6 Bxf6 11.Bg2 Nd7 12.O-O O-O 13.Rfd1 Rc8 14.e4 Qc7 15.Rac1 Qb8
16.e5 Be7 17.Qe2 Rfd8 18.h4 Nf8 19.Nh2 Qa8 20.Qf3 Rd7 21.Qg4 c5 22.Bxb7 Qxb7
23.Qf3 Qb8 24.Qe4 Rxd4 25.Rxd4 cxd4 26.Qxd4 Rd8 27.Qe3 Nd7 28.Nf3 Nc5 29.Qe2 Rd7
30.Rd1 Qd8 31.Rxd7 Qxd7 32.Ne4 Qd5 33.Nxc5 Bxc5 34.Kg2 a5 35.Qb5 Qe4 36.Qe8+ Bf8
37.Qb5 g5 38.hxg5 hxg5 39.Qxb6 g4 40.Qe3 Qxe3 41.fxe3 gxf3+ 42.Kxf3 a4 43.Ke4 Bg7
44.Kd4 Kh7 45.Ke4 Kg6 46.Kf4 Bh8  0-1

[Event "34th World Open"]
[Site "Philadelphia USA"]
[Date "2006.06.30"]
[Round "3"]
[White "Zaikov,O"]
[Black "Panchanathan,M"]
[Result "1/2-1/2"]
[WhiteElo "2391"]
[BlackElo "2525"]

1.d4 Nf6 2.c4 e6 3.Nf3 b6 4.a3 Ba6 5.Qc2 c5 6.d5 exd5 7.cxd5 Bb7 8.e4 Qe7
9.Bd3 Nxd5 10.O-O Nc7 11.Nc3 Qd8 12.Nd5 Be7 13.Nxe7 Qxe7 14.Nd4 Nc6 15.Nf5 Qf6
16.b4 Nd4 17.Nxd4 Qxd4 18.Be3 Qf6 19.bxc5 b5 20.a4 b4 21.Qd2 a5 22.Bf4 Ne6
23.Bd6 Qd4 24.Qc2 Rc8 25.Rac1 Qxd6 26.cxd6 Rxc2 27.Rxc2 O-O 28.f3 Bc6 29.Bb5 b3
30.Rc3 Bxb5 31.axb5 a4 32.Ra1 Nd4 33.Rd3 Rc8 34.Rxd4 b2 35.Rdd1 f6 36.Rdb1 bxa1=Q
37.Rxa1 Ra8 38.f4 Kf7 39.f5 g6 40.g4 h5 41.fxg6+ Kxg6 42.gxh5+ Kxh5 43.Kf2 Kg6
44.Ke3 Ra5 45.Kf4  1/2-1/2

[Event "II Open"]
[Site "Sort ESP"]
[Date "2006.07.01"]
[Round "6"]
[White "Mirzoev,A"]
[Black "Aroshidze,L"]
[Result "1/2-1/2"]
[WhiteElo "2532"]
[BlackElo "2498"]

1.d4 Nf6 2.Nf3 e6 3.c4 b6 4.a3 Bb7 5.Nc3 d5 6.Qa4+ Bc6 7.Qb3 dxc4 8.Qxc4 a6
9.Bg5 Be7 10.e3 O-O 11.Be2 Bb7 12.O-O Nbd7 13.Rfd1 b5 14.Qa2 Nd5 15.Bxe7 Qxe7
16.Rac1 c5 17.dxc5 Nxc5 18.Qb1 Rac8  1/2-1/2

[Event "Open"]
[Site "Albarino ESP"]
[Date "2006.07.03"]
[Round "1"]
[White "Chesa Chavarria,A"]
[Black "Dimitrov,Vl"]
[Result "0-1"]
[WhiteElo "1977"]
[BlackElo "2454"]

1.d4 Nf6 2.c4 e6 3.Nf3 b6 4.a3 c5 5.d5 Ba6 6.b3 exd5 7.cxd5 g6 8.Nc3 Bg7
9.Bb2 O-O 10.Qc2 Re8 11.Nd2 d6 12.e3 Bxf1 13.Nxf1 Na6 14.Ng3 Nc7 15.O-O-O Qd7
16.e4 b5 17.Kb1 b4 18.axb4 cxb4 19.Na4 Nb5 20.Qd3 Rab8 21.Rhe1 Ng4 22.Re2 Nc3+
23.Bxc3 bxc3 24.Kc2 Rb4 25.f4 Qb7 26.h3 Rxa4 27.hxg4 Ra2+ 28.Kc1 Ra1+ 29.Kc2 Qxb3+
30.Kxb3 Rb8+  0-1

[Event "Open"]
[Site "Albarino ESP"]
[Date "2006.07.04"]
[Round "2"]
[White "Bernal Moro,L"]
[Black "Campos Calvo Sotelo,Ja"]
[Result "1/2-1/2"]
[WhiteElo "2428"]
[BlackElo "2129"]

1.d4 Nf6 2.c4 e6 3.Nf3 b6 4.a3 Bb7 5.Nc3 Ne4 6.Nxe4 Bxe4 7.Nd2 Bb7 8.e4 d5
9.cxd5 exd5 10.e5 Be7 11.Bd3 O-O 12.O-O Ba6 13.Bxa6 Nxa6 14.Qa4 Qc8 15.Qc6 Rd8
16.Nf3 Qd7 17.Qc2 c5 18.Bg5 Nc7 19.dxc5 bxc5 20.Bxe7 Qxe7 21.b4 cxb4 22.axb4 Nb5
23.Qd3 g6 24.Nd4 Rac8 25.Nxb5  1/2-1/2

[Event "Open"]
[Site "Albarino ESP"]
[Date "2006.07.05"]
[Round "3"]
[White "Manolache,M"]
[Black "Dimitrov,Vl"]
[Result "1-0"]
[WhiteElo "2501"]
[BlackElo "2454"]

1.d4 Nf6 2.Nf3 e6 3.c4 b6 4.a3 c5 5.d5 Ba6 6.Qc2 exd5 7.cxd5 g6 8.Nc3 Bg7
9.g3 O-O 10.Bg2 d6 11.O-O Nbd7 12.Bf4 Qe7 13.Rfe1 h6 14.Rad1 b5 15.a4 b4
16.Nb5 Bxb5 17.axb5 g5 18.Bc1 Ne4 19.Nd4 cxd4 20.Bxe4 Nc5 21.Bf5 Qe5 22.e4 dxe3
23.Rxe3 b3 24.Qb1 Qf6 25.Rf3 Kh8 26.Kg2 Rab8 27.h4 gxh4 28.Rh1 hxg3 29.Bxh6 Bxh6
30.Qc1  1-0

[Event "35th TCh-GRE"]
[Site "Ermioni GRE"]
[Date "2006.07.07"]
[Round "5"]
[White "Vragoteris,A"]
[Black "Skembris,S"]
[Result "0-1"]
[WhiteElo "2336"]
[BlackElo "2458"]

1.d4 Nf6 2.c4 e6 3.Nf3 b6 4.a3 Ba6 5.Qc2 c5 6.d5 exd5 7.cxd5 g6 8.Nc3 Bg7
9.e4 Bxf1 10.Kxf1 d6 11.h3 O-O 12.Bf4 a6 13.g4 Qe7 14.Kg2 Nfd7 15.Bg3 b5
16.Rae1 Ne5 17.Nxe5 dxe5 18.a4 Qb7 19.h4 Nd7 20.h5 c4 21.hxg6 fxg6 22.axb5 axb5
23.b4 Ra3 24.g5 Qa6 25.d6 Nb8 26.Qd2 Rxc3 27.Qxc3 Nc6 28.Rd1 Nd4 29.Rxd4 exd4
30.Qc1 Qc8 31.e5 Qc6+ 32.Kh3 Qd7+ 33.Kg2 Qb7+ 34.Kh3 Bxe5 35.Bxe5 Rxf2 36.Rg1 Qf3+
37.Bg3 h5 38.Qd1 Qf5+ 39.Kh4 Qe4+ 40.Kh3 Qe6+ 41.Kh4 Qe4+ 42.Kh3 Re2 43.Qxe2 Qxe2
44.Re1 Qg4+ 45.Kh2 d3  0-1

[Event "ch-SWE"]
[Site "Gothenburg SWE"]
[Date "2006.07.07"]
[Round "7"]
[White "Akesson,J"]
[Black "Hellsten,J"]
[Result "0-1"]
[WhiteElo "2302"]
[BlackElo "2570"]

1.d4 Nf6 2.c4 e6 3.Nf3 b6 4.a3 Ba6 5.Qc2 Bb7 6.Nc3 c5 7.dxc5 Bxc5 8.Bf4 O-O
9.Rd1 Nc6 10.e3 Nh5 11.Bg3 Be7 12.Be2 h6 13.O-O Nxg3 14.hxg3 d6 15.Rd2 Qb8
16.Rfd1 Rd8 17.Nd4 a6 18.Bf3 Ne5 19.Bxb7 Qxb7 20.b3 Rac8 21.Qb2 Rc7 22.Nce2 Ng4
23.Nf3 Nf6 24.Nc3 Rdc8 25.Rc1 d5 26.cxd5 Nxd5 27.Rdc2 Bxa3 28.Qxa3 Nxc3 29.Kh2 Ne4
30.Rxc7 Rxc7 31.Rxc7 Qxc7 32.Qxa6 Nxf2 33.Nd4 Qc1 34.Qa8+ Kh7  0-1

[Event "XXXII Open"]
[Site "Badalona ESP"]
[Date "2006.07.10"]
[Round "9"]
[White "Almeida,O"]
[Black "Lopez Martinez,J"]
[Result "0-1"]
[WhiteElo "2475"]
[BlackElo "2480"]

1.d4 Nf6 2.c4 e6 3.Nf3 b6 4.a3 Ba6 5.e3 d5 6.b3 c5 7.Bb2 cxd4 8.exd4 Be7
9.Bd3 O-O 10.O-O Nc6 11.Nbd2 Rc8 12.Re1 Rc7 13.Rc1 Qc8 14.Qe2 Rd8 15.Qe3 Qb7
16.Ne5 Nxe5 17.dxe5 Ng4 18.Qg3 Nh6 19.cxd5 Rxc1 20.Bxc1 Bxd3 21.d6 Bxd6 22.Qxd3 Be7
23.Qe2 Qd5 24.Nc4 Nf5 25.Bb2 h6 26.Kf1 Bc5 27.b4 Be7 28.Qe4 Qb5 29.Rc1 Rd5
30.g4 Nh4 31.f4 Qd7 32.h3 Rd3 33.Nd6 Rf3+ 34.Kg1 Rg3+ 35.Kf1 f5 36.Rc8+ Qxc8
37.Nxc8 fxe4 38.Nxe7+ Kf7 39.Nc6 Rxh3 40.Bd4 Rf3+ 41.Ke2 Rxf4 42.Nxa7 Rxg4
43.Bxb6 Nf5 44.Nb5 Rg2+ 45.Kf1 Ra2 46.Nc3 Rxa3 47.Nxe4 Rb3 48.Nd6+ Nxd6 49.exd6 Ke8  0-1

[Event "XXIV Andorra Open"]
[Site "Andorra la Vella AND"]
[Date "2006.07.12"]
[Round "5"]
[White "Garcia,Rau"]
[Black "Oms Pallise,J"]
[Result "0-1"]
[WhiteElo "2228"]
[BlackElo "2511"]

1.d4 Nf6 2.Nf3 e6 3.c4 b6 4.a3 Bb7 5.Nc3 d5 6.Bg5 Be7 7.Bxf6 Bxf6 8.cxd5 exd5
9.Qa4+ Qd7 10.Qxd7+ Nxd7 11.g3 c6 12.Bh3 Nf8 13.O-O Ne6 14.e3 O-O 15.Rfd1 Rfd8
16.Rac1 g6 17.Ne1 Ba6 18.Bf1 Bxf1 19.Kxf1 Rac8 20.b4 Kf8 21.Na4 Ke7 22.Rc2 Kd7
23.Nd3 Ng5 24.Nc3 Ne4 25.Nxe4 dxe4 26.Nc1 Be7 27.Nb3 f5 28.h3 Rc7 29.Ke2 Ke6
30.Rdc1 Rdc8 31.Nd2 h5 32.h4 Kd5 33.Nc4 Bf6 34.Rb1 Rb7 35.Rbc1 Rcc7 36.Nd2 Be7
37.Nc4 c5 38.dxc5 bxc5 39.Na5 Rb6 40.Rd1+ Ke6 41.Rdc1 Ra6 42.Nb3 Rxa3 43.Nxc5+ Kf7
44.Rc3 Rxc3 45.Rxc3 a5 46.Rb3 axb4 47.Na4 Rc2+ 48.Ke1 Ke6 49.Rb2 Rxb2 50.Nxb2 Kd5
51.Kd2 Bf6 52.Na4 b3 53.Nb6+ Kc6 54.Nc4 Kc5 55.Na3 Kb4 56.Nb1 Bg7 57.Ke2 Kc4
58.Kd2 Bb2 59.Ke2 Bc3 60.Na3+ Kb4 61.Nb1 b2 62.Kd1 Kb3 63.Ke2 Ba5  0-1

[Event "Inautomarket Open"]
[Site "Minsk BLR"]
[Date "2006.07.12"]
[Round "3"]
[White "Serov,M"]
[Black "Kravtsiv,M"]
[Result "0-1"]
[WhiteElo "2264"]
[BlackElo "2450"]

1.d4 Nf6 2.c4 e6 3.Nf3 b6 4.a3 Bb7 5.Nc3 d5 6.cxd5 Nxd5 7.Qc2 Be7 8.e4 Nxc3
9.bxc3 O-O 10.Bd3 c5 11.O-O Nc6 12.Be3 Rc8 13.Qe2 Na5 14.Rfd1 Qc7 15.a4 Rfd8
16.h3 h6 17.Ra2 Bf8 18.Rb1 Bd6 19.Rab2 Nc4 20.Bxc4 cxd4 21.cxd4 Qxc4 22.Qxc4 Rxc4
23.a5 Ra4 24.axb6 Bxe4 25.Re1 Ba3 26.Rb5 Bd3 27.Rb3 Bc4 28.Rbb1 Ba2 29.Rb5 a6
30.Rh5 Rb8 31.d5 Bxd5 32.Ne5 Rb4 33.Nd7 Rd8 34.Bc5 Rxd7 35.Bxb4 Bxb4 36.Rc1 Rb7
37.Rc8+ Kh7 38.Rc7 Rxb6  0-1

[Event "XXIV Andorra Open"]
[Site "Andorra la Vella AND"]
[Date "2006.07.13"]
[Round "6"]
[White "Gupta,Ab"]
[Black "Fluvia Poyatos,J"]
[Result "1-0"]
[WhiteElo "2424"]
[BlackElo "2467"]

1.d4 Nf6 2.c4 e6 3.Nf3 b6 4.a3 Bb7 5.Nc3 d5 6.cxd5 Nxd5 7.Qc2 Nxc3 8.bxc3 Be7
9.e4 Nd7 10.Bd3 c5 11.O-O Qc7 12.Qe2 O-O 13.e5 Bd5 14.Rd1 cxd4 15.cxd4 Rfc8
16.Ng5 Bxg5 17.Bxg5 Bc4 18.Qh5 Bxd3 19.Rxd3 Qc2 20.Rg3 Rc3 21.Be3 Rxa3 22.Rf1 Nf8
23.h4 Rc8 24.Qg5 Qg6 25.Qe7 Rxe3 26.fxe3  1-0

[Event "3rd ACT"]
[Site "Amsterdam NED"]
[Date "2006.07.19"]
[Round "5"]
[White "Strating,S"]
[Black "Miedema,R"]
[Result "0-1"]
[WhiteElo "2279"]
[BlackElo "2218"]

1.d4 Nf6 2.c4 e6 3.Nf3 b6 4.a3 d5 5.cxd5 exd5 6.g3 Be7 7.Bg2 O-O 8.O-O Nbd7
9.Nc3 Bb7 10.Bf4 Rc8 11.Rc1 a6 12.Ne5 c5 13.Nxd7 Qxd7 14.Na4 Qe6 15.dxc5 bxc5
16.Qb3 Ba8 17.Nb6 Rb8 18.Bxb8 Rxb8 19.e4 Rxb6 20.exd5 Rxb3 21.dxe6 Bxg2 22.exf7+ Kxf7
23.Kxg2 Rxb2 24.Rb1 Ra2 25.Ra1 Rxa1 26.Rxa1 Nd7 27.f4 Bf6 28.Rb1 Ke6 29.Kf3 c4
30.Rd1 Bb2 31.f5+ Ke7 32.Ke4 Nc5+ 33.Kd5 c3 34.Re1+ Kf6 35.Re2 Nb3 36.Re6+ Kxf5
37.Re5+ Kf6 38.Re6+ Kf7  0-1

[Event "Sunny Pawn B"]
[Site "Illichevsk UKR"]
[Date "2006.07.22"]
[Round "3"]
[White "Kalinin,O"]
[Black "Aliferenko,A"]
[Result "1-0"]
[WhiteElo "2354"]
[BlackElo "2246"]

1.Nf3 Nf6 2.d4 e6 3.c4 b6 4.a3 c5 5.Nc3 cxd4 6.Nxd4 a6 7.e4 Bb7 8.Bd3 d6
9.Qe2 Be7 10.f4 Qc7 11.e5 dxe5 12.fxe5 Nfd7 13.Bf4 Bh4+ 14.Kd2 Be7 15.Rad1 Nc6
16.Nxc6 Bxc6 17.Kc1 b5 18.Kb1 b4 19.axb4 Bxb4 20.Ne4 Bxe4 21.Bxe4 Rb8 22.Rd3 Nc5
23.Rg3 Na4 24.Rb3 Nc5 25.Rg3 Nxe4 26.Qxe4 Qb6 27.Bc1 g6 28.Rd1 a5 29.h4 Be7
30.h5 Rd8 31.c5 Qb5 32.Rb3 f5 33.Rxb5 fxe4 34.Rxd8+ Bxd8 35.Rb7 Rf8 36.c6 Rf5
37.hxg6 hxg6 38.c7 Bxc7 39.Rxc7 Rxe5 40.Be3 Rd5 41.Rc4 Rd1+ 42.Ka2 Re1 43.Rxe4 Kd7
44.Rd4+ Kc6 45.Bh6 Rh1 46.Bf4 Re1 47.Rd6+ Kb5 48.Bh6 Re4 49.g3 Re2 50.Rd4 Rh2
51.Bf4 Re2 52.Bb8 Rc2 53.Rg4 Rc8 54.Bf4 Kc4 55.Rxg6 Re8 56.Rg5 a4 57.Re5  1-0

[Event "10th Battle of Senta 1697 Open"]
[Site "Senta SCG"]
[Date "2006.07.22"]
[Round "2"]
[White "Urosevic,G"]
[Black "Benkovic,P"]
[Result "0-1"]
[WhiteElo "2210"]
[BlackElo "2431"]

1.d4 Nf6 2.c4 e6 3.Nf3 b6 4.a3 Ba6 5.Qc2 c5 6.d5 exd5 7.cxd5 Bb7 8.e4 Qe7
9.Bd3 Nxd5 10.O-O Nc7 11.Nc3 Qd8 12.Ng5 Be7 13.f4 Nc6 14.Nf3 d6 15.Be3 Qc8
16.Rad1 Ba6 17.Bxa6 Nxa6 18.e5 dxe5 19.fxe5 O-O 20.Nd5 Nc7 21.Nf4 Ne6 22.Nh5 Qc7
23.Qe4 Rad8 24.h4 Rxd1 25.Rxd1 Ncd4 26.Kh1 g6 27.Ng3 f5 28.exf6 Bxf6 29.Nxd4 Nxd4
30.Bf4 Qe7 31.Qd5+ Qf7 32.Qxf7+ Rxf7 33.h5 Bh4 34.Be5 Bxg3 35.Bxg3 gxh5 36.b4 Rd7
37.bxc5 bxc5 38.Bf2 Kf7 39.Rc1 Rd5 40.Rb1 Ke6 41.Rb7 Rd7 42.Rb8 Rf7 43.Be3 Kd5
44.a4 Re7 45.Bg1 Ne2 46.a5 Nxg1 47.Kxg1 c4 48.Kf2 c3  0-1

[Event "10th Battle of Senta 1697 Open"]
[Site "Senta SCG"]
[Date "2006.07.22"]
[Round "2"]
[White "Arsovic,G"]
[Black "Sekelj,G"]
[Result "1-0"]
[WhiteElo "2483"]
[BlackElo "2238"]

1.d4 Nf6 2.Nf3 e6 3.c4 b6 4.a3 d5 5.cxd5 exd5 6.Bg5 Be7 7.Qa4+ Nfd7 8.Bxe7 Qxe7
9.Nc3 c6 10.g3 O-O 11.Bg2 a5 12.O-O Bb7 13.Qb3 b5 14.Rfe1 Nf6 15.Ne5 Nbd7
16.Nd3 Rfe8 17.Rac1 Qd6 18.e3 g6 19.Qc2 Kg7 20.a4 b4 21.Nb1 Nb6 22.b3 Nfd7
23.Nd2 Nf6 24.Ne5 Nbd7 25.Ndf3 Rac8 26.Nxd7 Nxd7 27.Bh3 f5 28.Qd3 Ra8 29.Rc2 Re7
30.Nh4 Kh8 31.Rec1 Kg8 32.Nf3 Kg7 33.Qd1 Rc8 34.Ne1 Ba6 35.Nd3 Bxd3 36.Qxd3 Nb8
37.Rc5 Ra7 38.Bg2 Rcc7 39.Qc2 Kf7 40.Bxd5+ Kg7 41.Bxc6  1-0

[Event "10th Battle of Senta 1697 Open"]
[Site "Senta SCG"]
[Date "2006.07.22"]
[Round "3"]
[White "Kosa,J"]
[Black "Zegarac,B"]
[Result "1/2-1/2"]
[WhiteElo "2130"]
[BlackElo "2283"]

1.Nf3 Nf6 2.d4 e6 3.c4 b6 4.a3 Ba6 5.e3 d5 6.cxd5 Bxf1 7.Kxf1 Qxd5 8.Nc3 Qb7
9.Ne5 Be7 10.Qf3 c6 11.Bd2 O-O 12.Rc1 Nfd7 13.Nd3 Na6 14.h4 Rab8 15.g3 Rfd8
16.Kg2 c5 17.Qxb7 Rxb7 18.Rhd1 cxd4 19.exd4 Nf6 20.Be3 Nc7 21.Ne5 Ncd5 22.Nc6 Re8
23.Nxe7+ Rbxe7 24.Nxd5 Nxd5 25.Rd3 Rd7 26.Kf3 Kf8 27.Rd2 Red8 28.Rdc2 h6
29.Rc8 Ke8 30.Ke4 Rxc8 31.Rxc8+ Rd8 32.Rc4 Kd7 33.Ra4 Ra8 34.Rc4 Rc8 35.Kd3 Rxc4
36.Kxc4 Kc6 37.a4 a6 38.Bd2 Nf6 39.Bb4 h5 40.f3 g6 41.Bd2 Ne8 42.b3 Nd6+
43.Kd3 Kd5 44.Bf4 Nf5 45.Be5 f6 46.Bxf6 Nxg3 47.Bd8 b5 48.axb5 axb5 49.Be7 Nf5
50.Bf6 Nd6 51.Ke3 Nf5+ 52.Kd3 Nd6 53.Ke3  1/2-1/2

[Event "XI Open"]
[Site "Balaguer ESP"]
[Date "2006.07.23"]
[Round "7"]
[White "Vilela,JL"]
[Black "Roeder,M"]
[Result "1/2-1/2"]
[WhiteElo "2355"]
[BlackElo "2423"]

1.d4 Nf6 2.c4 e6 3.Nf3 b6 4.a3 Bb7 5.Nc3 d5 6.cxd5 Nxd5 7.Qc2 Nxc3 8.Qxc3 h6
9.e3 Be7 10.Bb5+ c6 11.Ba4 O-O 12.O-O Nd7 13.Rd1 Qc7 14.b4 Rac8 15.Bb2 Nf6
16.Rac1 Rfd8 17.Qe1 c5 18.dxc5 bxc5 19.bxc5 Bxf3 20.gxf3 Bxc5 21.Bxf6 gxf6
22.Rc4  1/2-1/2

[Event "Czech Open A"]
[Site "Pardubice CZE"]
[Date "2006.07.25"]
[Round "5"]
[White "Voloshin,L"]
[Black "Cifka,S"]
[Result "1-0"]
[WhiteElo "2432"]
[BlackElo "2342"]

1.Nf3 Nf6 2.c4 b6 3.d4 e6 4.a3 Bb7 5.Nc3 d5 6.cxd5 Nxd5 7.Qc2 Be7 8.e4 Nxc3
9.bxc3 O-O 10.Bd3 c5 11.O-O Qc8 12.Qe2 Ba6 13.Rd1 Bxd3 14.Rxd3 Nd7 15.e5 Rd8
16.Bg5 Bxg5 17.Nxg5 h6 18.Ne4 Nf8 19.Nd6 Qc6 20.Qh5 Rxd6 21.exd6 Qxd6 22.Rf3 Ng6
23.Rxf7 Kxf7 24.Qf3+ Nf4 25.Qxa8 cxd4 26.Qf3 Kg8 27.g3 Nd5 28.cxd4 b5 29.Rc1 Qd7
30.Qe4 a5 31.Qc2 Qf7 32.Qc8+ Kh7 33.Re1 b4 34.axb4 axb4 35.Qxe6 Qb7 36.Qf5+ g6
37.Qf8 Qg7 38.Qxg7+ Kxg7 39.Kf1  1-0

[Event "Dutch Open"]
[Site "Dieren NED"]
[Date "2006.07.28"]
[Round "4"]
[White "Grooten,H"]
[Black "Ikonnikov,Vy"]
[Result "1-0"]
[WhiteElo "2362"]
[BlackElo "2587"]

1.d4 Nf6 2.c4 e6 3.Nf3 b6 4.a3 Ba6 5.Qc2 Bb7 6.Nbd2 d5 7.cxd5 exd5 8.Ne5 Bd6
9.Ndf3 O-O 10.Bg5 c5 11.e3 c4 12.Be2 Be7 13.Nd2 Nbd7 14.f4 b5 15.Bf3 Ne8
16.Bxe7 Qxe7 17.O-O Nd6 18.Rae1 f6 19.Ng4 Nb6 20.Nf2 Qd7 21.Bg4 f5 22.Bd1 a5
23.Nf3 b4 24.Ne5 Qe6 25.Kh1 Rac8 26.axb4 axb4 27.g4 Ra8 28.gxf5 Nxf5 29.Qd2 b3
30.Bg4 Ra2 31.Nd1 Na4 32.Qb4 Qb6 33.Qxf8+ Kxf8 34.Nd7+  1-0

[Event "ch-Euro Senior"]
[Site "Davos SUI"]
[Date "2006.08.07"]
[Round "3"]
[White "Stepak,Y"]
[Black "Siegmund,R"]
[Result "1-0"]
[WhiteElo "2280"]
[BlackElo "2154"]

1.d4 Nf6 2.c4 e6 3.Nf3 b6 4.a3 Bb7 5.Nc3 d5 6.cxd5 Nxd5 7.e3 Be7 8.Bd3 Nxc3
9.bxc3 O-O 10.O-O c5 11.Qe2 Qc8 12.Ne5 Nc6 13.Nc4 b5 14.Nd2 c4 15.Bc2 Qc7
16.Qh5 f5 17.e4 g6 18.Qe2 Bf6 19.Nf3 Na5 20.Rb1 a6 21.Bh6 Rfe8 22.Rfe1 Bc6
23.Qe3 Qb7 24.h4 Nb3 25.Qf4 Qb8 26.Qe3 Qb7 27.Bf4 a5 28.Bg5 Bg7 29.Qf4 a4
30.Rb2 Qb8 31.Qe3 Qb7 32.Bb1 Bf8 33.Ra2 Bg7 34.Bf4 Rad8 35.Bg5 Rc8 36.Bf4 Rcd8
37.Be5 Rc8 38.Qf4 Qd7 39.d5 exd5 40.exf5 Rf8 41.g4 Bxe5 42.Rxe5 Nc5 43.Nd4 Rce8
44.Rae2 Nd3 45.Bxd3 cxd3 46.Rxe8 Rxe8 47.Re6 Bb7 48.Qe3 Rxe6 49.fxe6 Qe7
50.g5 Bc8 51.Qxd3 Bxe6 52.Qe3 Kf7 53.Nxb5 Bd7 54.Qf3+ Kg7 55.Nd4 h6 56.Qxd5 hxg5
57.hxg5 Bf5 58.Nxf5+ gxf5 59.Qd4+ Kg8 60.Qd5+ Kg7 61.Qxf5 Qxa3 62.Qf6+ Kg8
63.g6 Qb3 64.Qh4 Qb1+ 65.Kh2 Qxg6 66.Qxa4 Qd6+ 67.Kg2 Qd5+ 68.Kg1 Qg5+ 69.Kf1 Qc1+
70.Ke2 Qxc3 71.Qa8+ Kf7 72.Qf3+ Qxf3+ 73.Kxf3 Kf6 74.Kf4 Ke6 75.Kg5  1-0

[Event "107th Annual US Open"]
[Site "Chicago USA"]
[Date "2006.08.10"]
[Round "6"]
[White "Fedorowicz,J"]
[Black "Milisits,R"]
[Result "1/2-1/2"]
[WhiteElo "2482"]
[BlackElo "2181"]

1.d4 Nf6 2.Nf3 e6 3.c4 b6 4.a3 d5 5.Nc3 Be7 6.cxd5 exd5 7.g3 O-O 8.Bg2 c6
9.O-O Bb7 10.Bf4 Nbd7 11.Qa4 Re8 12.Rad1 h6 13.Rfe1 Bf8 14.Qb3 Rc8 15.Qa2 a5
16.h3 b5 17.Ne5 g5 18.Nxd7 Nxd7 19.Bd2  1/2-1/2

[Event "Open"]
[Site "Stare Mesto CZE"]
[Date "2006.08.12"]
[Round "2"]
[White "Knotek,J"]
[Black "Bazant,P jr"]
[Result "1/2-1/2"]
[WhiteElo "2110"]
[BlackElo "2272"]

1.d4 Nf6 2.Nf3 e6 3.c4 b6 4.a3 Bb7 5.Bg5 Be7 6.Nc3 d5 7.cxd5 Nxd5 8.Bxe7 Qxe7
9.e3 O-O 10.Bd3 c5 11.O-O cxd4 12.Nxd5 Bxd5 13.Nxd4 Nd7 14.Rc1 Ne5 15.Bxh7+ Kxh7
16.Qh5+ Kg8 17.Qxe5  1/2-1/2

[Event "Open"]
[Site "Stare Mesto CZE"]
[Date "2006.08.15"]
[Round "6"]
[White "Knotek,J"]
[Black "Havranek,Mir"]
[Result "1/2-1/2"]
[WhiteElo "2110"]
[BlackElo "2232"]

1.d4 Nf6 2.Nf3 e6 3.c4 b6 4.a3 d5 5.Nc3 Be7 6.cxd5 exd5 7.e3 O-O 8.b4 c5
9.b5 Ne4 10.Nxe4 dxe4 11.Ne5 cxd4 12.exd4 Bb7 13.Bc4 a6 14.Qb3 Qe8 15.O-O Bf6
16.Bb2 Nd7 17.f4 exf3 18.Nxf3 Qe4 19.Rae1 Qg4 20.h3 Qh5 21.Ne5 Bxe5 22.dxe5 Qg6
23.Bxf7+ Rxf7 24.Qxf7+ Qxf7 25.Rxf7 Kxf7 26.e6+ Ke7 27.exd7+ Kxd7 28.bxa6 Rxa6
29.Re3 b5 30.g3 g6 31.Rb3 Bc6 32.Re3 Bd5 33.Bd4 Rc6 34.Rc3 Bc4 35.Re3 Rd6
36.Bc3 Rd1+ 37.Be1 Ra1 38.Kf2 Ra2+ 39.Kf3 Be6 40.Rd3+ Kc6 41.h4 h6 42.Bb4 Bd5+
43.Ke3 Rg2 44.Kd4 Re2 45.Re3 Rxe3  1/2-1/2

[Event "Open"]
[Site "Predeal ROM"]
[Date "2006.08.17"]
[Round "8"]
[White "Grunberg,M"]
[Black "Raut,C"]
[Result "1/2-1/2"]
[WhiteElo "2403"]
[BlackElo "2246"]

1.c4 Nf6 2.d4 e6 3.Nf3 b6 4.a3 Be7 5.Nc3 Bb7 6.Qc2 d5 7.cxd5 exd5 8.Bf4 O-O
9.e3 c5 10.Be2 Nc6 11.dxc5 bxc5 12.Rd1 d4 13.O-O Nd5 14.Nxd5 Qxd5 15.e4 Qd8
16.Nd2 Na5 17.e5 Qb6 18.Bd3 h6 19.Rfe1 Bd5 20.Rb1 Qc6 21.b4 cxb4 22.axb4 Qxc2
23.Bxc2 Nc4 24.Nxc4 Bxc4 25.Red1 Rfd8 26.Bd3 Bxd3 27.Rxd3 Rab8 28.b5 Rd5
29.g4 g5 30.Bg3 Rb6 31.Ra1 Rd7 32.Rb3 Bc5 33.Kf1 Rdb7 34.Ra5 Re6 35.Ra4 Reb6
36.Ra5 Re6 37.Ra4 Rd7 38.Rc4 Bb6 39.Ke2 f6 40.Kd3 fxe5 41.Ke4 Kf7 42.h4 Kg6
43.Rc6 Re7 44.Rxe6+ Rxe6 45.Kd5 gxh4 46.Bxe5 Re8 47.f4 Rd8+ 48.Ke4 d3 49.Rxd3 Rxd3
50.Kxd3 h3 51.Ke4 h5 52.f5+ Kg5 53.gxh5 Bg1 54.f6 h2 55.Bxh2 Bxh2 56.f7 Bd6
57.Kd5 Bf8 58.Kc6  1/2-1/2

[Event "Lichtenberger Sommer"]
[Site "Berlin GER"]
[Date "2006.08.19"]
[Round "1"]
[White "Groeling,J"]
[Black "Plump,D"]
[Result "0-1"]
[WhiteElo "1919"]
[BlackElo "2253"]

1.c4 Nf6 2.d4 e6 3.Nf3 b6 4.a3 Ba6 5.Qc2 Bb7 6.Nbd2 c5 7.e4 cxd4 8.Nxd4 d6
9.b3 Nbd7 10.Be2 Rc8 11.f4 a6 12.Bf3 Qc7 13.Bb2 Be7 14.Rc1 O-O 15.O-O Rfe8
16.Kh1 Qb8 17.e5 dxe5 18.Bxb7 Qxb7 19.fxe5 Nxe5 20.Nf5 exf5 21.Bxe5 Ng4 22.Rce1 Bh4
23.Qxf5 Bxe1 24.Qxg4 Rxe5 25.Nf3 Re4 26.Qh3 Rce8 27.Ng5 Rh4  0-1

[Event "6th Open"]
[Site "Velika Gorica CRO"]
[Date "2006.08.19"]
[Round "1"]
[White "Benamatic,K"]
[Black "Zecevic,Dea"]
[Result "0-1"]
[WhiteElo "1998"]
[BlackElo "2389"]

1.d4 Nf6 2.c4 e6 3.Nf3 b6 4.a3 d5 5.Nc3 Be7 6.cxd5 exd5 7.e3 O-O 8.Bd3 c5
9.dxc5 bxc5 10.O-O Nbd7 11.Re1 Bb7 12.b3 Re8 13.Bb2 Bd6 14.Nb5 Bf8 15.Nc3 Rb8
16.Qc2 a5 17.Ng5 g6 18.Rad1 Bc6 19.a4 Ng4 20.Nf3 d4 21.Ne4 Qb6 22.exd4 Qxb3
23.Qxb3 Rxb3 24.Bc4 Rxb2 25.Bxf7+ Kxf7 26.Neg5+ Kg8 27.Rxe8 Bxa4 28.Rde1 Bb3
29.dxc5 Nxc5 30.Nxh7 Nd7 31.Nxf8 Nxf8 32.Rb8 a4 33.Nd4 Nf6 34.Nxb3 axb3 35.h3 Nd7
36.Rb7 Nc5 37.Rb8 Kf7 38.Re3 Nfe6 39.Rf3+ Ke7 40.Re3 Kd6 41.Re1 Kd5 42.Ra8 g5
43.g3 Rc2 44.Raa1 Nd3 45.Red1 Nc5 46.Rab1 Kc4 47.h4 gxh4 48.gxh4 Nxf2 49.Rdc1 Ncd3
50.Rxc2+ bxc2 51.Ra1 Ne4 52.Kf1 Nc3 53.Kg2 Nb1 54.Ra4+ Kb3  0-1

[Event "Acropolis Women's Open"]
[Site "Athens GRE"]
[Date "2006.08.21"]
[Round "9"]
[White "Papadopoulou,V"]
[Black "Pokorna,Reg"]
[Result "1/2-1/2"]
[WhiteElo "2217"]
[BlackElo "2342"]

1.d4 Nf6 2.c4 e6 3.Nf3 b6 4.a3 Ba6 5.Qc2 Bb7 6.Nc3 c5 7.dxc5 bxc5 8.Bg5 Be7
9.e3 O-O 10.Be2 d6 11.O-O Nbd7 12.Rfd1 a6 13.Rd2 Qb6 14.Rad1 Rfd8 15.Bf4 Nf8
16.Ne1 h6 17.Bf3 Rab8 18.h3 Bxf3 19.Nxf3 Qc6 20.e4 e5 21.Nd5 Nxd5 22.cxd5 Qb6
23.Be3 Qb3 24.Rc1 Nd7 25.Ne1 Nf6 26.Qxb3 Rxb3 27.Rc4 Rdb8 28.Nd3 Bd8 29.f4 Nd7
30.fxe5 Rxd3 31.Rxd3 Nxe5 32.Rcc3 Nxd3 33.Rxd3 Rxb2 34.Bf4 Bc7 35.Bg3 f6
36.Kf1 Kf7 37.Rc3 Ke7 38.h4 h5 39.Bf4 Kf7 40.Rg3 a5 41.Rc3 g6 42.Kg1 Re2
43.Be3 Bd8 44.Kf1 Rb2 45.Bf4 Be7 46.Rc4 g5 47.hxg5 fxg5 48.Bh2 Rd2 49.Ra4 h4
50.e5 Rxd5 51.exd6 Bxd6 52.Bxd6 Rxd6 53.Rxa5 Rc6 54.Ke2 Kf6 55.Rb5 Kf5 56.a4 Kf4
57.a5 c4 58.Rb6 Rc8 59.a6 c3 60.Kd1 Kg3 61.a7 Ra8 62.Rg6 g4 63.Rg7 Rd8+ 64.Kc1 h3
65.gxh3 Kxh3 66.Kc2 g3 67.Kxc3 g2 68.Kb4 Ra8 69.Rh7+ Kg3 70.Rg7+ Kf2 71.Rf7+ Ke1
72.Rg7 Kf1 73.Rf7+ Kg1 74.Rg7 Rf8 75.Rxg2+ Kxg2 76.Kb5  1/2-1/2

[Event "Lichtenberger Sommer"]
[Site "Berlin GER"]
[Date "2006.08.21"]
[Round "3"]
[White "Werner,Di"]
[Black "Lamb,H"]
[Result "1-0"]
[WhiteElo "2315"]
[BlackElo "2139"]

1.d4 e6 2.c4 Nf6 3.Nf3 b6 4.a3 d5 5.Bf4 Be7 6.Nc3 O-O 7.e3 Ba6 8.Nb5 Bd6
9.Nxd6 cxd6 10.Rc1 dxc4 11.Bxc4 Bxc4 12.Rxc4 b5 13.Rc2 Nd5 14.Bg3 a5 15.O-O Nb6
16.Qd3 Qd7 17.e4 Na6 18.e5 d5 19.Ng5 f5 20.exf6 gxf6 21.Nh3 Nc4 22.Re1 Rae8
23.Rce2 Nc7 24.Bf4 Kh8 25.Qg3 Rg8 26.Qf3 Rgf8 27.Bxc7 Qxc7 28.Nf4 e5 29.dxe5 fxe5
30.Nxd5 Rxf3 31.Nxc7 Rc8 32.Nxb5 Rb3 33.a4 Rd8 34.g3 Rxb2 35.Rxb2 Nxb2 36.Rxe5 Rd1+
37.Kg2 Rd2 38.Nc3 Rd3 39.Ne4 Rd4 40.Re7 Kg8 41.Nf6+ Kf8 42.Ra7 Rxa4 43.Nxh7+ Kg8
44.Nf6+ Kf8 45.h4 Nd3 46.h5 Ra2 47.Ng4 Ne1+ 48.Kf1 Nf3 49.h6  1-0

[Event "XXVI Open A"]
[Site "Bratto ITA"]
[Date "2006.08.21"]
[Round "3"]
[White "Zucchelli,M"]
[Black "Mazzariol,O"]
[Result "1-0"]
[WhiteElo "2135"]
[BlackElo "2066"]

1.d4 Nf6 2.c4 e6 3.Nf3 b6 4.a3 d5 5.Nc3 Bb7 6.cxd5 exd5 7.Bg5 h6 8.Bh4 a6
9.e3 Bd6 10.Bd3 Qe7 11.Bxf6 Qxf6 12.O-O Nd7 13.e4 dxe4 14.Bxe4 Bxe4 15.Nxe4 Qe7
16.Nxd6+ Qxd6 17.Re1+ Kf8 18.Rc1 g6 19.d5 Nf6 20.Qd4 Kg7 21.Rc6 Qd8 22.Nd2 h5
23.Re3 g5 24.Ne4 Rh6 25.Nxf6  1-0

[Event "XXVI Open A"]
[Site "Bratto ITA"]
[Date "2006.08.22"]
[Round "4"]
[White "Komarov,D"]
[Black "De Santis,A"]
[Result "1-0"]
[WhiteElo "2530"]
[BlackElo "2337"]

1.d4 Nf6 2.Nf3 e6 3.c4 b6 4.a3 Bb7 5.Nc3 Be7 6.d5 O-O 7.g3 d6 8.Bg2 e5 9.O-O Nbd7
10.Ne1 Qc8 11.Nd3 c5 12.dxc6 Bxc6 13.Nd5 Nxd5 14.cxd5 Bb7 15.Nb4 f5 16.Nc6 Qe8
17.a4 a5 18.b4 axb4 19.Rb1 Nc5 20.Rxb4 Bd8 21.Be3 Rf7 22.Qc2 Bc8 23.Rfb1 Bc7
24.f4 e4 25.g4 fxg4 26.Bxe4 Nxe4 27.Rxe4 Qf8 28.Nd4 Re7 29.Rxe7 Qxe7 30.Bf2 Qf7
31.Nb5 Bd8 32.Nxd6 Qd7 33.Qc6 Qxc6 34.dxc6 Bc7 35.Nxc8 Rxc8 36.f5 Kf7 37.Bxb6 Kf6
38.Bxc7 Rxc7 39.Rc1 Kxf5 40.a5 Ke6 41.a6 Kd6 42.e4 Ra7 43.c7  1-0